KOHA-Header-6

Macromedia Dreamweaver MR (Record no. 9335)

000 -LEADER
fixed length control field 00234nam a2200109Ia 4500
020 ## - INTERNATIONAL STANDARD BOOK NUMBER
ISBN 978-1118124093
100 ## - MAIN ENTRY--AUTHOR NAME
Personal name Green,Caro
245 #0 - TITLE STATEMENT
Title Macromedia Dreamweaver MR
260 ## - PUBLICATION, DISTRIBUTION, ETC. (IMPRINT)
Place of publication New Delhi
Name of publisher Addison
Year of publication 2004
300 ## - PHYSICAL DESCRIPTION
Number of Pages 768
942 ## - ADDED ENTRY ELEMENTS (KOHA)
Koha item type Books
Holdings
Withdrawn status Lost status Collection code Permanent Location Current Location Shelving location Date acquired Full call number Accession Number Koha item type
    Computer Science MAJU MAJU Shelf No.A19 2019-09-14 519.5 4941 Books

Powered by Koha